| 000 | 00971cam a22002651 4500 | ||
|---|---|---|---|
| 001 | sa 67006890 | ||
| 003 | DLC | ||
| 005 | 20260227112411.0 | ||
| 008 | 840621s1966 ii k 000 0 eng | ||
| 010 | _asa 67006890 | ||
| 025 | _aPL480:I-E-8688 | ||
| 035 | _a(OCoLC)10869604 | ||
| 040 |
_aDLC _cNRU _dDLC |
||
| 042 | _apremarc | ||
| 050 | 0 | 0 |
_aKNU1230.A311958 _bC48 1966 |
| 082 | _a340 | ||
| 110 | 1 |
_aMaharashtra (India). _tLaws, etc. |
|
| 245 | 1 | 4 |
_aThe Bombay village panchayats act, 1958, with rules (Bom. act no. III of 1959) _bWith an exhaustive commentary, rules, notifications, appendices, index, etc., _cby D.H. Chaudhari, assisted by A.D. Chaudhari. Foreword by G.B. Khedkar. |
| 250 | _a3d ed. | ||
| 260 |
_a[Jalgaon, _bD.H. Chaudhari]: sole agents; N.R. Bhalerao, Poona, _c1966. |
||
| 300 |
_axvi, 486 p. _bforms. _c26 cm. |
||
| 650 | 0 |
_aPanchayat _zIndia _zMaharashtra. |
|
| 700 | 1 |
_aChaudhari, Dattatraya Hari, _eed. |
|
| 700 | 1 |
_aChaudhari, A. D., _eed. |
|
| 999 |
_c76219 _d76219 |
||